000 00600nam a2200217 a 4500
001 16155
003 CO-ViMGA
008 141112s2004 ck r 000 u spa d
020 _a843060409X
040 _aCO-ViMGA
_bspa
_cCO-ViMGA
082 0 4 _a465 G744s
100 1 _aGrijelmo, Alex
_923100
245 1 0 _aLa seducción de las palabras
260 _aMexico :
_bTaurus,
_c2000
300 _a289.p.
590 _aForma de adquisición : Premio - Mincultura
650 1 4 _aESPAÑOL GRAMATICA
_923101
650 1 4 _aMORFOLOGIA - GRAMATICA
_923102
650 1 4 _aPSICOLINGUISTICA
_92846
942 _2ddc
_cBK
999 _c26076
_d26076